MDQL
is popping MORE tags! Check the
thread
!
Quizzes
Events
Quiz Creation
Community
Videos
Private Events
Remove Ads
Sign In
Join for FREE
Feedback
Dark Mode
Quiz Categories
Sports
Geography
Music
Movies
Television
Just For Fun
Miscellaneous
History
Literature
Language
Science
Gaming
Entertainment
Religion
Holiday
For Kids
Quiz Lab
Recent
Popular Today
Quiz Kudos Today
Editor Picks
Curator Picks
Quizzes by...
Day
Popularity
Type
Ratings
Length
Year
Community
Subscriptions
Recent Discussions
Orange Saloon
Badges
Playlists
Quests
Create
Leaderboards
Showdown
Live 5
Trivia Bingo
Activity
Puzzle Library
Sporcle Events
Private Events
Virtual Trivia
Globe League
Become a Host
Pub Owners
SporcleCon
Opinionation
Our Games
Videos
Blog
Mobile Apps
Partnerships
Remove Ads and Go Orange
Feedback
Just For Fun
Clickable
Get the Picture
Humor
Quick Pick
Word Ladder
Missing Word
Mixed Word
Blitz
Minefield
This or That
Alphabet
Color
Typing
Sporcle
Puzzle
Word Play
Follow That Line
Logic
Just For Fun
Clickable
Get the Picture
Humor
Quick Pick
Word Ladder
Missing Word
Mixed Word
Blitz
Minefield
This or That
Alphabet
Color
Typing
Sporcle
Puzzle
Word Play
Follow That Line
Logic
Random Quiz
Search Sporcle
×
Curator Pick
Curator Pick
Just For Fun
Famous
Type in answers that appear in a list
Type in answers that appear in a list
Classic
Best Score? Go Orange.
Above-Average Joes Stats
Can you name the famous people named Joe, Joey, or Joseph using the given clues?
By
sluh138
3m
16 Questions
490 Plays
490 Plays
490 Plays
Comments
Comments
Give Quiz Kudos
Give Quiz Kudos
-
- Ratings
hide this ad
Replay
Link that replays current quiz
Next Quiz
Link to next quiz in quiz playlist
You Got
0%
They Got
Avg Score
44%
Avg Friend Score
Upgrade to see
Score Distribution
Jump to the score distribution portion of the page
Score
0/16
Timer
03:00
0
Plays Today
Clue
Famous Joe
% Correct
The 47th vice president of the United States
Joe Biden
86.9%
The Soviet Union premier during World War II
Joseph/Josef Stalin
78.4%
Singer in a pop-
rock band with his brothers Kevin and Nick
Joe Jonas
75.1%
Has starred in films such as Goodfellas, Home Alone, and Raging Bull
Joe Pesci
68.2%
One of two teenage brothers in a series of books about amateur detectives
Joe Hardy
58%
Portrayed by David Spade in a movie with the same name
Joe Dirt
57.1%
A blue-
collar worker whose nickname was used by McCain-
Palin in the 2008 presidential elections to refer to the average American
Joseph Wurzelbacher ('Joe the Plumber')
46.1%
Character portrayed by Matt LeBlanc in 'Friends'
Joey Tribbiani
41.6%
Clue
Famous Joe
% Correct
Among other positions in his long political career, he was Al Gore's running mate in the 2000 presidential election
Joe Lieberman
39%
An American competitive eater most well-
known for breaking Kobayashi's hot dog-
eating world record
Joey Chestnut
29%
Namesake and former head of a manufacturing-
retail business that sells classic tailored and casual menswear
Joseph A. Bank
27.8%
A member of the 'Rat Pack' who went on to star in a comedy series and host a talk show
Joey Bishop
25.7%
Birth name of Pope Benedict XVI
Joseph Ratzinger
23.1%
Danny Tanner's best friend in the TV show 'Full House' (portrayed by Dave Coulier)
Joey Gladstone
17.3%
One of the most prominent composers in the Classical Period
Franz Joseph Haydn
15.1%
In all of the gospels, he removed the body of Jesus from the cross and buried him
Joseph of Arimathea
14.9%
Quiz Playlist
Details
Report
Send in Message
Add To Playlist
Classic:
Type in answers that appear in a list
Quiz Source
Last Updated: Feb 16, 2017
Curator Pick in
Famous
Quiz Scoreboard
CHALLENGE
Sign Up to Join the Scoreboard
Show All
Scores
Hide
Comments
May contain spoilers
Recently Published
Holiday 10x10 Sorting Gallery
by lukepisani3
Holiday
15m
Two Season TV Shows II
by 123Four
Television
10m
Image Sorting: Flags VI
by Barbecue
Geography
2m
More to Explore
Quiz From the Vault
Featured Blog Post
14 Easter Pick-up Lines to Find Eggs With
hide this ad
You Might Also Like...
Tags
Famous Quiz
joe
name
people
Today's Top Quizzes in Just For Fun
Browse Just For Fun
hide this ad
Today's Top Quizzes in Famous
Browse Famous
Top Contributed Quizzes in Just For Fun
1
Name Just One - 10 to 1: Just For Fun
2
Missing Word: 2-Letter A-Z II
3
Eurovision 2024 Countries Logic Puzzle
4
Missing Letter Whitney Houston Songs
5
Avatar the Last Airbender: Logic Puzzle
6
Missing Word: 'Of' Things A-Z
7
Survivor Winners Logic Puzzle
8
It's Magic / Witchcraft 🎩🪄🧙♀️
9
Killer Double Trees 224 - Colour Match-Up
10
Missing Word: 'Of' Things A-Z II
Explore More
Trending Topics
Crossword
Disney
Marvel
Harry Potter
NBA
Kpop
Anime
Song
Country
WWE
Pokémon
Soccer
NFL
Puzzle
The Office
hide this ad
More By:
sluh138
Quiz
Plays
Rating
Category
Featured
Created
Multi-Millionaire: Harry Potter Quotes
45,536
4.19
Literature
Jul 15, 2011
Word Ladder: Entertainment Tonight Hosts
22,246
4.21
Just For Fun
May 1, 2011
Walking Through a *Minefield*
13,714
3.16
Just For Fun
Jul 24, 2011
Word Ladder: US Independence Day
8,676
4.56
Just For Fun
Jul 3, 2011
States Without A Sports Team: *MINES*
6,445
4.00
Sports
Jun 20, 2011
Go to Creator's Profile
Score Distribution
Quiz Creator Spotlight
sluh138
Follow
Send a Message
Quizzes Created
-
Created Quiz Play Count
-
More By This Creator
Popular Quizzes Today
1
Find the US States - No Outlines Minefield
2
Colored Red Africa Blitz
3
Find the 'City' Movie
4
The Countries of the World
5
5x2 Blitz: Bands
6
Find the Countries of Europe - No Outlines Minefield
7
Find the US States
8
US States
More Just For Fun Quizzes
Missing Word: British TV Comedy Shows (A-Z)
Published
Trending Quizzes
Colored Red Europe Blitz I
Colored Red Europe Blitz II
Colored Red Africa Blitz II
Even More Two Season TV Shows
Colored Red Africa Blitz III
Recently Updated
Odd Team Out - Big 4 Players
pecheneg
Quick Pick: 20 Twenties
pecheneg
March Madness Men's Triple Doubles
pecheneg
How Do You Spell That?
pecheneg
Godzilla Movies
pecheneg
Grab Bag: 4-10 Letters
pecheneg
2024 March Madness Bracket
pecheneg
Famous TV Couples
Peacemaker
Champions League XIs: Real Madrid
pecheneg
Largest US Cities 1790-2010
pecheneg
Trending Topics
Crossword
Kpop
NBA
Disney
Marvel
Harry Potter
Anime
Country
Soccer
NFL
Puzzle
The Office
Song
WWE
Pokémon
Your Account Isn't Verified!
In order to create a playlist on Sporcle, you need to verify the email address you used during registration. Go to your
Sporcle Settings
to finish the process.
Report this User
Report this user for behavior that violates our
Community Guidelines
.
Details:
Send Report
Go to the Sporcle.com Mobile Site →
Comments